نظام التأمين وموقف الشريعة منه / (رقم التسجيلة. 85276)

تفاصيل مارك
000 -الفاتح
عناصر البيانات ثابتة الطول 00606cam a2200181 i 4500
005 - تاريخ ووقت آخر معاملة
حقل ضبط 20251216101807.0
008 - عناصر البيانات ثابتة الطول
عناصر البيانات ثابتة الطول 250721s1996 le gr 000 0 ara d
082 14 - رقم تصنيف ديوي العشري
رقم التصنيف 368
رقم المادة م و ل
100 1# - مدخل رئيسي – اسم شخصي
الاسم الشخصي مولوي، فيصل
علاقة الشخص بالعمل/ دوره مؤلف.
245 10 - بيان العنوان
العنوان نظام التأمين وموقف الشريعة منه /
بيان المسؤولية الشيخ فيصل مولوي.
250 ## - بيان الطبعة
بيان الطبعة الطبعة الثانية.
264 31 - بيانات النشر، التوزيع…إلخ
مكان النشر، التوزيع...إلخ بيروت :
اسم الناشر، الموزع...إلخ مؤسسة الريان،
تاريخ النشر، التوزيع...إلخ 1996.
300 ## - الوصف المادي
عدد الوحدات المكونة للوعاء 184 صفحة.
650 17 - مدخل إضافي بالموضوع - مصطلح موضوعي
مصطلح موضوعي أو اسم جغرافي كعنصر مدخل التأمين.
650 17 - مدخل إضافي بالموضوع - مصطلح موضوعي
مصطلح موضوعي أو اسم جغرافي كعنصر مدخل الشريعة الإسلامية.
942 ## - بيانات إضافية (كوها)
نوع التنصيف Dewey Decimal Classification
نوع المادة (كوها) كتب
المقتنيات
حالة السحب حالة الفقدان مصدر التصنيف حالة التلف غير قابل للإعارة المكتبة الرئيسية المكتبة الحالية موقع الرف تاريخ التزويد الرقم المتسلسل Total Checkouts رقم الإستدعاء تاريخ آخر ظهور تاريخ الفاتورة نوع المادة (كوها) الباركود
    Dewey Decimal Classification     المكتبة المركزية المكتبة المركزية الإعارة 26/11/2012 546193   368 / م و ل 28/07/2025 26/11/2012 كتب PLD00261089
    Dewey Decimal Classification     مكتبة أبو علندا العامة مكتبة أبو علندا العامة الإعارة 14/06/2008 546205   368/مول 28/07/2025 14/06/2008 كتب PLD00021276
    Dewey Decimal Classification     مكتبة أم قصير والمقابلين العامة مكتبة أم قصير والمقابلين العامة الإعارة 28/07/2025 546204   368/مول 28/07/2025 28/07/2025 كتب 546204
    Dewey Decimal Classification Unchecked   مكتبة الحسن العامة مكتبة الحسن العامة الإعارة 28/07/2025 546201   368/مول 28/07/2025 28/07/2025 كتب  
    Dewey Decimal Classification     مكتبة وادي السير العامة مكتبة وادي السير العامة الإعارة 28/07/2025 546206   368/مول 28/07/2025 28/07/2025 كتب 546206
Implemented & Customized by: BBB with SCIT (Smart Chains for Information Technology)

Powered by Koha